000 00782nam a2200289 i 4500
001 C2-0317632
003 PPAK
005 20180728113753.0
008 120924s2010 my |||| ||||| | may d
020 _a9789675244582
040 _aPPAK
_beng
_cPPAK
_erda
082 0 4 _a899.233
_223
090 0 0 _a899.233
_bPUT
_dG
100 0 _aPuteri Zuleira,
_eauthor
110 2 _avolume
245 1 0 _aPantai tetap tersapu ombak
264 1 _aSkudai, Johor :
_bPustaka Ewan ,
_c2010
300 _aiv, 156 pages ;
_c18 cm
336 _2rdacontent
_atext
337 _2rdamedia
_aunmediated
338 _2rdacarrier
_avolume
490 1 _aSiri mutiara masyarakat
650 1 0 _aMalay fiction.
710 2 _avolume
_eorganizer
830 0 _aSiri mutiara masyarakat
942 _ddc
_cB
999 _c118683
_d118683